000 00435ntaaa2200181 4500
003 01
005 20251027202059.0
008 0714s1973 ag 01
040 _aAR-BaBN
_bspa
_cAR-BaBN
_eaacr
_dRIC
082 _a252.0000 P54
100 _aPhillips, J.B.
_95833
245 _aPlain christianity
250 _a1 ed.
260 _aLondon :
_bEpworth Press,
_c1954, 1960
300 _a126 p
500 _aMensajes radiales
942 _cBK
999 _c15671
_d15671